000 00884nam a2200229Ia 4500
003 GCL
008 140319s9999 xx 000 0 ara d
040 _aGCL /
_cGCL
082 0 4 _a301.2
_bم م
100 1 _aمطبعة دار الكتب المصرية
245 1 0 _aالمجمع المصرى للثقافة العلمية: الكتاب السنوى الخامس مجموعة المحاضرات التى القيت فى مؤتمر المجمع 1934 /
_cمطبعة دار الكتب المصرية
300 _a184 ص
490 _aالهيئة العامة للاستعلامات
_v0
650 0 4 _aسيوة
650 0 4 _aالكلاب
650 0 4 _aالاحجار الكريمة
650 0 4 _aالرى - مصر
650 0 4 _aالثروة المعدنية - مصر
650 0 4 _aالكلاب - امراض
650 0 4 _aالاثار - التنقيب عن
942 _2ddc
_cBK
999 _c50613
_d50613